Tachinologický výzkum Pouzdřanských kopců
| Hlavný autor: | |
|---|---|
| Médium: | Kniha |
| Jazyk: | angličtina |
| Fyzický popis: | 14 s. |
| Vydavateľské údaje: |
Brno
A. Píša
1939
|
MARC
| LEADER | 00000nam a2200000 a 4500 | ||
|---|---|---|---|
| 001 | vtls009283393 | ||
| 003 | SK-MaSNL | ||
| 005 | 20260301081602.0 | ||
| 008 | 240313 xr 000 0 eng | ||
| 040 | |a SNK |b slo |c SNK |e AACR2 | ||
| 044 | |a xr |c CZ | ||
| 100 | 1 | |a Jacentkovský, Dim. |4 aut |9 405100 | |
| 245 | 1 | |a Tachinologický výzkum Pouzdřanských kopců |c Dim. Jacentkovský | |
| 260 | |a Brno |b A. Píša |c 1939 | ||
| 300 | |a 14 s. | ||
| 999 | |c 656281 |d 658211 | ||
| 952 | |a SNK |b SNK |y VYP |7 0 |p 17A0585032 |o snkIC 3526/27 |i snk1518/47 |3 rekatalogizácia |0 0 |1 0 |4 0 |d 2008-04-08 |l 0 |r 2026-02-23 18:37:17 |w 2026-02-23 | ||


